000 01331nam a2200385 i 4500
001 7102
003 KOSZ 005
005 20200624113906.0
008 071002s1969 pl a f f 000 0 pol
015 _aPB 1969/9353
040 _aWA N
_cWA N
_dKOSZ 005/RW
080 _a662.6/.9
080 _a621.4
080 _a(07)
100 1 _aFurmański, Andrzej.
245 1 0 _aPaliwa, oleje, smary czyli codzienne potrzeby silnika /
_cAndrzej Furmański, Wacław Skoczyński.
260 _aWarszawa :
_bPaństwowe Wydawnictwo Rolnicze i Leśne,
_c1969.
300 _a142, [2] strony :
_bilustracje ;
_c23 cm.
336 _aTekst
_btxt
_2rdacontent
337 _aBez urządzenia pośredniczącego
_bn
_2rdamedia
338 _aWolumin
_bnc
_2rdacarrier
380 _aKsiążki
490 1 _aBiblioteka "Traktora"
504 _aBibliografia na stronie 142.
658 _aInżynieria i technika
650 4 _aSilniki spalinowe
650 4 _aPaliwa płynne
650 4 _aSmary
655 4 _aPodręcznik
700 1 _aSkoczyński, Wacław.
710 2 _aPaństwowe Wydawnictwo Rolnicze i Leśne
_4pbl.
830 0 _aBiblioteka "Traktora"
856 _uhttp://koha.tu.koszalin.pl/cgi-bin/koha/opac-detail.pl?biblionumber=7102
_yKatalog online BPK
942 _2UKD
_cKS
999 _c7102
_d7102